El sentido mágico.

Guardado en:
Formato: Deslizar
Materias:
Etiquetas: Agregar Etiqueta
Sin Etiquetas, Sea el primero en etiquetar este registro!
LEADER 00919ngm a22002535g 4500
001 CEM.cems021724
008 130507b1991##################0###0#####d
005 20240906145816.0
245 0 0 |a El sentido mágico. 
300 |a 43 
500 |a En soporte VHS, consultar en ventanilla. 
505 0 |a 1. Proceso de la Visión. Reconocimiento del color. Graduación de la luz. Defectos de la visión. Cirugía ocular. -- 2. Persistencia de las imágenes. Ceguera. Agudización de otros sentidos. La retina: cirugía. 
538 |a Soporte: VHS - Norma: Pal N - Color - Grabación DRD 1991 - Hitachi=3754 
082 5 7 |. 1/MOO 
653 |a SENTIDOS 
653 |a VISTA 
653 |a CIRUGIA OCULAR 
653 |a OJOS 
653 |a ENFERMEDADES 
653 |a RETINA 
653 |a CIRUGIA OCULAR 
653 |a VISION 
653 |a NIVEL SECUNDARIO 
859 |a CEMS  |b BIB. CEMS - Depto. Recursos Didacticos  |h 575.1  |i MOO  |k DRD  |p 367.12  |t Ej.1